| 000 | 00593pam a2200169 a 4500 | ||
|---|---|---|---|
| 020 | _a0195062167 (alk. paper) | ||
| 040 | _cDLC | ||
| 082 | 0 | 0 | _a338 OXF 1991 A015 Or. |
| 100 | 1 | _aCusumano, Michael A., | |
| 245 | 1 | 0 |
_aJapan's software factories : _ba challenge to U.S. management / |
| 260 |
_aNew York : _bOxford University Press, _c1991. |
||
| 300 |
_aix, 513 p. : _bill. ; _c25 cm. |
||
| 650 | 0 | _aComputer software industry | |
| 856 | 4 | 2 | _uhttp://www.loc.gov/catdir/enhancements/fy0604/90007287-d.html |
| 856 | 4 | 1 | _uhttp://www.loc.gov/catdir/enhancements/fy0604/90007287-t.html |
| 942 | _cEK | ||
| 999 |
_c11547 _d11547 |
||